LEADER 01392nam--2200361---450- 001 990002955390203316 005 20070706091705.0 010 $a92-894-9190-6 035 $a000295539 035 $aUSA01000295539 035 $a(ALEPH)000295539USA01 035 $a000295539 100 $a20070706d2005----km-y0itay0103----ba 101 $aita 102 $aLU 105 $a||||||||001yy 200 1 $a<> scambio delle quote di emissione nell'UE$eun sistema aperto che promuove l?innovazione globale nella lotta ai cambiamenti climatici$f[Commissione europea, Direzione generale dell?Ambiente] 210 $aLussemburgo$cUfficio delle pubblicazioni ufficiali delle Comunità europee$d2005 215 $a20 p.$cill.$d21x21 cm 606 0 $aInquinamento atmosferico$xControllo$yPaesi della Comunità europea 606 0 $aClima$xVariazioni$xPolitica comunitaria 676 $a363.7392094 699 $a16.04$bLotta all'inquinamento. Permessi di inquinamento negoziabile 710 02$aCommissione europea :$bDirezione generale Ambiente$0545641 801 0$aIT$bsalbc$gISBD 912 $a990002955390203316 951 $aCDE 16.04 (XL)$bCDE 1205$cCDE 16.04$d00149297 959 $aBK 969 $aCDE 979 $aMARIAS$b90$c20070706$lUSA01$h0910 979 $aMARIAS$b90$c20070706$lUSA01$h0917 996 $aScambio delle quote di emissione nell'UE$91031168 997 $aUNISA LEADER 00834nam a22002411i 4500 001 991003988129707536 005 20030929192754.0 008 031111s1985 gw a||||||||||||||||ger 020 $a3522136209 035 $ab12503071-39ule_inst 035 $aARCHE-053634$9ExL 040 $aDip.to Lingue$bita$cA.t.i. Arché s.c.r.l. Pandora Sicilia s.r.l. 082 04$a833.914 100 1 $aRinser, Luise$0188484 245 14$aDer squirrel /$cLuise Rinser 260 $aStuttgart :$bThienemann,$c1985 300 $a125 p. :$bill. ;$c19 cm 907 $a.b12503071$b02-04-14$c13-11-03 912 $a991003988129707536 945 $aLE012 838.914 RIN 17$g1$i2012000227040$lle012$o-$pE0.00$q-$rl$s- $t0$u0$v0$w0$x0$y.i12939894$z13-11-03 996 $aSquirrel$9182876 997 $aUNISALENTO 998 $ale012$b13-11-03$cm$da $e-$fger$ggw $h4$i1